Perdí una esclava en la isla de Gorée : (Record no. 193261)

MARC details
000 -LEADER
campo de control de longitud fija 02566nam a2200457 i 4500
001 - NÚMERO DE CONTROL
campo de control 193261
003 - IDENTIFICADOR DE NÚMERO DE CONTROL
campo de control SpMaBN
005 - FECHA Y HORA DE LA ÚLTIMA TRANSACCIÓN
campo de control 20250827052658.0
007 - CAMPO FIJO DE DESCRIPCIÓN FÍSICA--INFORMACIÓN GENERAL
campo de control de longitud fija ta
008 - DATOS DE LONGITUD FIJA--INFORMACIÓN GENERAL
campo de control de longitud fija 160613s2016 sp a | |||| 000 0 spa
017 ## - NÚMERO DE COPYRIGHT O DE DEPÓSITO LEGAL
Número de copyright o de depósito legal M 7385-2016
Agencia que asigna Oficina Depósito Legal Madrid
020 ## - NÚMERO INTERNACIONAL ESTÁNDAR DEL LIBRO
Número Internacional Estándar del Libro 9788416447640
035 ## - NÚMERO DE CONTROL DEL SISTEMA
Número de control de sistema (OCoLC)952999552
035 ## - NÚMERO DE CONTROL DEL SISTEMA
Número de control de sistema a5813454
040 ## - FUENTE DE CATALOGACIÓN
Centro catalogador/agencia de origen SpMaBN
Lengua de catalogación spa
Centro/agencia transcriptor SpMaBN
Normas de descripción rdc
080 ## - NÚMERO DE LA CLASIFICACIÓN DECIMAL UNIVERSAL
Número de la Clasificación Decimal Universal 821.134.2-992"19"
100 1# - ENTRADA PRINCIPAL--NOMBRE DE PERSONA
Nombre de persona Nistal, Gloria
Relación aut
Número de control del registro de autoridad o número normalizado XX1740682
Término indicativo de función/relación Autor
9 (RLIN) 234310
245 10 - MENCIÓN DEL TÍTULO
Título Perdí una esclava en la isla de Gorée :
Resto del título [libro de viajes] /
Número de parte o sección de la obra Gloria Nistal ; prólogo de José Luis López Amigo
250 ## - MENCION DE EDICION
Mención de edición Primera edición: 2016
260 ## - PUBLICACIÓN, DISTRIBUCIÓN, ETC.
Lugar de publicación, distribución, etc. Madrid :
Nombre del editor, distribuidor, etc. Sial Pigmalión,
Fecha de publicación, distribución, etc. 2016
300 ## - DESCRIPCIÓN FÍSICA
Extensión 399 páginas, [8] páginas de láminas (color) ;
Dimensiones 21 cm
336 ## - TIPO DE CONTENIDO
Término de tipo de contenido Texto (visual)
Fuente isbdcontent
337 ## - TIPO DE MEDIO
Nombre/término del tipo de medio sin mediación
Fuente isbdmedia
338 ## - TIPO DE SOPORTE
Fuente rdacarrier
Nombre/término del tipo de soporte volumen
490 1# - MENCIÓN DE SERIE
Mención de serie Narrativa Pigmalión
500 ## - NOTA GENERAL
Nota general Índice
505 ## - NOTA DE CONTENIDO CON FORMATO
Nota de contenido con formato Contiene: Corfú; Chipre; Sudáfrica y Cataratas Victoria (Zimbabue y Zambia); Gambia y Senegal
520 ## - RESUMEN, ETC.
Sumario, etc. Con este libro Gloria nos despierta el ansia de viajar y el deseo por explorar lo que aún no hemos visitado. Es un escrito que nos regala libertad. Además es una guía estupenda para todos esos viajeros que, como yo, nos quedamos en las zonas turísticas sin atrevernos a pelar la manzana y disfrutar del verdadero sabor del lugar a donde viajamos. Desde el inicio, Gloria disfruta compartiendo con nosotros todas las sensaciones y emociones que ella siente. Perdí… es una enciclopedia divertida sobre la vida en cada lugar donde pone los pies. Este es un libro de viajes, o un libro de vida, o un libro de emociones, en ocasiones contenidas y escrito con la grandeza y la sencillez del que ama el camino y todo lo que este nos muestra, y no solo su destino.
651 #4 - PUNTO DE ACCESO ADICIONAL DE MATERIA--NOMBRE GEOGRÁFICO
9 (RLIN) 159920
Nombre geográfico Sudáfrica-
Subdivisión general Descripción
651 #4 - PUNTO DE ACCESO ADICIONAL DE MATERIA--NOMBRE GEOGRÁFICO
9 (RLIN) 158839
Nombre geográfico África occidental-
Subdivisión general Descripción
655 #0 - TERMINO DE INDIZACIÓN--GENERO/FORMA
Datos o término principal de género/forma Narraciones de viajes
9 (RLIN) 233914
700 1# - ENTRADA AGREGADA--NOMBRE PERSONAL
Nombre de persona López Amigo, José Luis,
Fechas asociadas al nombre 1964-
9 (RLIN) 156442
830 ## - PUNTO DE ACCESO ADICIONAL DE SERIE-TÍTULO UNIFORME
9 (RLIN) 234388
Título uniforme Narrativa Pigmalión
852 ## - LOCALIZACIÓN
Ubicación ES-MaACL
Sublocalización o colección R. 154660
Ubicación en estantería Depósito J
itemnumber 200691
Encuadernación Encuadernación rústica con solapas
Donativo/Legado Donación: Gloria Nistal
Número de control de estantería N9432
903 ## - NOMBRE PERSONAL DE DONANTE
a Nistal, Gloria
e Donante
9 234310
942 ## - ELEMENTOS DE ENTRADA SECUNDARIOS (KOHA)
Suprimir en OPAC No
Tipo de ítem Koha Libro impreso
Holdings
Estatus retirado Estado de pérdida Fuente del sistema de clasificación o colocación Estado de daño No para préstamo Biblioteca de origen Biblioteca actual Ubicación en estantería Fecha de adquisición Fuente de adquisición Número de control de estantería Total de préstamos Signatura topográfica completa Código de barras Visto por última vez Tipo de ítem Koha
    Clasificación decimal universal     Biblioteca del Ateneo de Madrid Biblioteca del Ateneo de Madrid Depósito J 25/10/2023 Donación Ateneísta   N-9432 101205979 25/10/2023 Libro impreso